Estudio de pre factibilidad para instalar una planta procesadora de snacks de yuca, quequisque y malanga en el municipio de Nueva Guinea RACCS
La investigación presenta un estudio de pre factibilidad que permita la creación de una planta procesadora de snacks de yuca, quequisque y malanga en el municipio de Nueva Guinea RACCS, Nicaragua. Se pretende aprovechar y darle valor agregado a la materia prima disponible a utilizar.
| Main Authors: | , , |
|---|---|
| Other Authors: | |
| Format: | Tesis Section = Libro |
| Language: | Undetermined Spanish |
| Published: |
Managua
UNI
2022
|
| Subjects: |
| LEADER | 01254nam a2200289Ia 4500 | ||
|---|---|---|---|
| 008 | 240830s9999 xx 000 0 und d | ||
| 040 | |a BIBLIOTECA-RUPAP/ Mon 658.11 R896 | ||
| 041 | |a spa | ||
| 082 | |a Mon 658.11 R896 | ||
| 100 | 1 | |a Rubio Montiel, Ruth Daviana | |
| 100 | 1 | |b Arguello Bravo, Heydi Damaris | |
| 100 | 1 | |c Matus Miranda, Izachara Janesky | |
| 245 | 1 | 0 | |a Estudio de pre factibilidad para instalar una planta procesadora de snacks de yuca, quequisque y malanga en el municipio de Nueva Guinea RACCS |
| 260 | |a Managua |b UNI |c 2022 | ||
| 300 | |a 86 p. :il. | ||
| 500 | |a Contiene: anexos y CD. | ||
| 502 | |a Tesis (Ingeniero Agroindustrial) - UNI, 2022. | ||
| 520 | 3 | |a La investigación presenta un estudio de pre factibilidad que permita la creación de una planta procesadora de snacks de yuca, quequisque y malanga en el municipio de Nueva Guinea RACCS, Nicaragua. Se pretende aprovechar y darle valor agregado a la materia prima disponible a utilizar. | |
| 650 | 7 | |a NUEVAS EMPRESA | |
| 650 | 7 | |b ESTUDIOS DE FACTIBILIDAD | |
| 650 | 7 | |c ESTUDIO DE MERCADO | |
| 650 | 7 | |d EVALUACION FINANCIERA | |
| 650 | 7 | |e SNACKS-INDUSTRIA Y COMERCIO | |
| 700 | 1 | |a Tutor: |b Leon Huete, Wesly Escandar | |
| 942 | |c BK |2 ddc | ||
| 991 | |a Tesis | ||
| 999 | |c 27630 | ||